Responses for Show #7775 - Friday, June 1, 2018

Contestants

[<< previous game]

Dan Hess, a wine and spirits distributor from Los Angeles, California

Ian Booth, a trade specialist from Washington, D.C.

Jeffrey Schwarz, a private investor from New York, New York (whose 3-day cash winnings total $62,300)

[next game >>]

Jeopardy! Round responses

CELEBRATIONS OF THE MONTH
WE LIKE TURTLES
THE THIRD MAN
MOVIE!
(Alex: Movies with exclamation points in their titles.)
THAT RAISES A RED FLAG
I ONLY HAVE Es FOR YOU
    $200 21
February

Jeffrey
    $200 26
an aquarium

Ian
    $200 1
(Jeffrey: What is the Nobel Prize?)
(Alex: Be more--)
(Jeffrey: For poetry? For--)
(Alex: No.)

the Nobel Prize for Literature

JeffreyDan
    $200 2
Hello, Dolly!

Jeffrey
    $200 7
Turkey

Ian
    $200 12
ensemble

Ian
    $400 22
March

Dan
    $400 27
[The end-of-round signal sounds.]

a box turtle

Ian
    $400 15
a heart

Jeffrey
    $400 3
Airplane!

Jeffrey
    $400 8
(Dan: What is Alabama?)

Arkansas

IanDan
    $400 13
jeweler

Jeffrey
    $600 23
(Alex: Less than a minute now.)

July

Triple Stumper
    $600 16
summit Everest

Ian
    $600 4
Mamma Mia!

Dan
    $600 9
(Ian: What is Taiwan?)

Hong Kong

Ian
Triple Stumper
    $600 14
a levee

Dan
    $2,000 24
(Alex: [*]. Think of Halloween.)

October

Dan
    $800 17
Solomon

Jeffrey
    $800 5
That Thing You Do!

Dan
    $800 10
Cornell

Jeffrey
    $800 19
Demeter

Jeffrey
    $1000 25
December

Ian
    $1000 18
(Ian: Who is Sam Shepard?)

Gus Grissom

JeffreyIan
    $1000 6
Oh, God!

Jeffrey
    $1000 11
the Isle of Man

Ian
    $1000 20
embezzlement

Jeffrey

Scores at the first commercial break (after clue 15):

Jeffrey Ian Dan
$3,000 $1,200 $1,800

Scores at the end of the Jeopardy! Round:

Jeffrey Ian Dan
$6,800 $2,400 $4,200

Double Jeopardy! Round responses

SHOW BIZ NICKNAMES
DAY & NIGHT BOOKSTORE
STARTS WITH A MUSICAL INSTRUMENT
SPY STUFF
HISTORIC "P"LACES
HERBS & SPICES
    $400 15
Boy Wonder

Jeffrey
    $400 11
(Dan: What are colors?)

the crayons

IanDan
    $400 19
a harpoon

Ian
    $400 6
Russia

Jeffrey
    $400 1
Puget Sound

Dan
    $400 22
chives

Dan
    $800 14
the Voice

Jeffrey
    $2,000 12
(Ian: What is The... Day of the... Samurai?)

The Remains of the Day

Ian
    $800 20
a drumstick

Ian
    $800 7
West Point

Dan
    $800 2
Pitcairn Island

Ian
    $800 25
rosemary

Jeffrey
    $1200 16
Steve McQueen

Jeffrey
    $1200 13
Asperger's

Dan
    $1200 21
bellows

Jeffrey
    $1200 8
(Dan: What is lasers?)
(Jeffrey: What is a transmitter? Radio transmitter?)

a camera

JeffreyIanDan
    $1200 3
the Punjab

Ian
    $1200 26
yogurt

Ian
    $1600 17
Tina Turner

Jeffrey
    $1600 23
the "Children of the Corn"

Dan
    $1600 27
lutefisk

Ian
    $1600 9
Gary Powers

Jeffrey
    $2,600 4
(Alex: Andries Pretorius was the man.)

Pretoria

Ian
    $1600 29
[The end-of-round signal sounds.]

chipotles

Triple Stumper
    $2000 18
(Jeffrey: Who is Louise... oh, I lost it.)

Clara Bow

Jeffrey
Triple Stumper
    $2000 24
(Alex: Less than a minute now.)

Day of the Locust

Dan
    $2000 28
cellophane

Ian
    $2000 10
the NSA

Ian
    $2000 5
Mount Pelée

Triple Stumper

Scores at the end of the Double Jeopardy! Round:

Jeffrey Ian Dan
$11,600 $14,600 $9,000

[wagering suggestions for these scores]

Final Jeopardy! Round responses

PRESIDENTS: BORN & DIED
(Alex: [To Dan] Born in California, died in New York.)
DanWho is Richard Nixon
$4,000
JeffreyWho was Herbert Hoover
$6,500
IanWho is Nixon?
$8,601
Richard Nixon

Final scores:

Jeffrey Ian Dan
$5,100 $23,201 $13,000
3rd place: $1,000 New champion: $23,201 2nd place: $2,000

Game dynamics:

Coryat scores:

Jeffrey Ian Dan
$11,600 $15,600 $7,800
19 R,
3 W
19 R
(including 1 DD),
3 W
(including 1 DD)
12 R
(including 1 DD),
3 W

Combined Coryat: $35,000

[game clues] [game scores] [suggest correction]

Game tape date: 2018-02-07
The J! Archive is created by fans, for fans. Scraping, republication, monetization, and malicious use prohibited; this site may use cookies and collect identifying information. See terms. The Jeopardy! game show and all elements thereof, including but not limited to copyright and trademark thereto, are the property of Jeopardy Productions, Inc. and are protected under law. This website is not affiliated with, sponsored by, or operated by Jeopardy Productions, Inc. Join the discussion at JBoard.tv.